[Event "Australian-ch 2018"]
[Site "Sydney"]
[Date "2018.01.04"]
[Round "5"]
[White "Kargosha, Bahman"]
[Black "Solomon, Stephen J"]
[Result "1/2-1/2"]
[WhiteElo "2210"]
[BlackElo "2365"]
[Annotator "ChessBase"]
[PlyCount "103"]
[EventDate "2018.01.02"]
[EventType "tourn"]
[EventCountry "AUS"]
[SourceTitle "playchess.com"]
[Source "ChessBase"]
[SourceQuality "1"]
[TimeControl "40/5400+30:1800+30"]

1. d4 {[%emt 0:00:00]} Nf6 {[%emt 0:00:29]} 2. Nf3 {[%emt 0:00:00]} d5 {[%emt 0:00:58]} 3. c4 {[%emt 0:00:00]} e6 {[%emt 0:01:46]} 4. Nc3 {[%emt 0:00:13]} Be7 {[%emt 0:00:19]} 5. Bg5 {[%emt 0:00:19]} O-O {[%emt 0:00:20]} 6. e3 {[%emt 0:00:14]} Nbd7 {[%emt 0:01:08]} 7. cxd5 {[%emt 0:00:21]} exd5 {[%emt 0:03:10]} 8. Bd3 {[%emt 0:00:57]} c5 {[%emt 0:00:30]} 9. O-O {[%emt 0:00:39]} c4 {[%emt 0:12:26]} 10. Bc2 {[%emt 0:01:00]} a6 {[%emt 0:00:22]} 11. Ne5 {[%emt 0:01:17]} Qc7 {[%emt 0:07:47]} 12. Nxd7 {[%emt 0:04:24]} Qxd7 {[%emt 0:00:54]} 13. Bxf6 {[%emt 0:00:15]} Bxf6 {[%emt 0:06:03]} 14. Qh5 {[%emt 0:00:11]} g6 {[%emt 0:00:57]} 15. Qxd5 {[%emt 0:04:10]} Qxd5 {[%emt 0:02:58]} 16. Nxd5 {[%emt 0:00:10]} Bd8 {[%emt 0:00:08]} 17. Be4 {[%emt 0:02:36]} Rb8 {[%emt 0:09:26]} 18. Rfc1 {[%emt 0:05:32]} Re8 {[%emt 0:01:24]} 19. Bf3 b5 {[%emt 0:03:03]} 20. Nb4 {[%emt 0:05:31]} Rb6 {[%emt 0:08:12]} 21. b3 {[%emt 0:15:44]} Be6 {[%emt 0:03:21]} 22. bxc4 {[%emt 0:03:13]} Bxc4 {[%emt 0:00:28]} 23. Nc6 {[%emt 0:04:32]} Bf6 {[%emt 0:07:34]} 24. a4 {[%emt 0:03:00]} Rc8 {[%emt 0:08:21]} 25. axb5 {[%emt 0:02:39]} axb5 {[%emt 0:00:40]} 26. Na5 {[%emt 0:04:05]} Be6 {[%emt 0:05:10]} 27. Rxc8+ {[%emt 0:09:48]} Bxc8 {[%emt 0:00:11]} 28. Rc1 {[%emt 0:00:16]} Bd7 {[%emt 0:02:41]} 29. Rc7 {[%emt 0:10:21]} Ra6 {[%emt 0:02:46]} 30. Rxd7 {[%emt 0:01:50]} Rxa5 {[%emt 0:00:05]} 31. g3 {[%emt 0:00:13]} Kf8 {[%emt 0:00:34]} 32. Rb7 {[%emt 0:03:11]} Be7 {[%emt 0:01:03]} 33. Bc6 {[%emt 0:01:24]} b4 {[%emt 0:00:16]} 34. Kg2 {[%emt 0:00:15]} Ra2 {[%emt 0:00:27]} 35. Kf3 {[%emt 0:01:38]} Rd2 {[%emt 0:04:09]} 36. h4 {[%emt 0:01:00]} h5 {[%emt 0:00:12]} 37. Bd5 {[%emt 0:04:07]} f5 {[%emt 0:02:36]} 38. Be6 {[%emt 0:04:59]} Rc2 {[%emt 0:00:20]} 39. Bb3 {[%emt 0:04:59]} Rb2 {[%emt 0:00:56]} 40. Be6 {[%emt 0:01:37]} Rc2 {[%emt 0:30:59]} 41. Kg2 {[%emt 0:18:24]} Rd2 {[%emt 0:00:00]} 42. Kf1 {[%emt 0:00:18]} Rc2 {[%emt 0:00:00]} 43. f3 {[%emt 0:00:56]} Rd2 {[%emt 0:00:00]} 44. Ke1 {[%emt 0:01:59]} Rg2 {[%emt 0:00:00]} 45. e4 {[%emt 0:01:48]} Rxg3 {[%emt 0:00:00]} 46. e5 {[%emt 0:00:26]} Bxh4 {[%emt 0:00:00]} 47. Ke2 {[%emt 0:01:02]} Bg5 {[%emt 0:00:00]} 48. Rxb4 {[%emt 0:04:34]} h4 {[%emt 0:00:00]} 49. Kf2 {[%emt 0:02:21]} Bf4 {[%emt 0:00:00]} 50. d5 {[%emt 0:03:38]} Bxe5 {[%emt 0:02:38]} 51. Rxh4 {[%emt 0:00:28]} f4 {[%emt 0:00:41]} 52. Rg4 {[%emt 0:01:23]} 1/2-1/2

[Event "Australian-ch 2018"]
[Site "Sydney"]
[Date "2018.01.05"]
[Round "5"]
[White "Kethro, Michael"]
[Black "Willathgamuwa, Kevin"]
[Result "1-0"]
[WhiteElo "2195"]
[BlackElo "2113"]
[Annotator "ChessBase"]
[PlyCount "101"]
[EventDate "2018.01.02"]
[EventType "tourn"]
[EventCountry "AUS"]
[SourceTitle "playchess.com"]
[Source "ChessBase"]
[SourceQuality "1"]
[TimeControl "40/5400+30:1800+30"]

1. d4 Nf6 2. c4 e5 3. dxe5 Ng4 4. Bf4 Nc6 5. Nf3 Bb4+ 6. Nbd2 Qe7 7. a3 Ngxe5 8. Nxe5 Nxe5 9. e3 Bc5 10. b4 Bd4 11. Ra2 d6 12. Be2 O-O 13. O-O Bb6 14. Nf3 c6 15. Rd2 Bc7 16. Qc2 Qf6 17. Rfd1 Bf5 18. Qb2 Rfe8 19. h3 Rad8 20. Nxe5 dxe5 21. Rxd8 Rxd8 22. Rxd8+ Qxd8 23. Bxe5 Bxe5 24. Qxe5 g6 25. Qd4 Qa8 26. Bf3 a5 27. b5 cxb5 28. cxb5 Qc8 29. b6 Qc1+ 30. Kh2 Qxa3 31. Qd8+ Kg7 32. Qd4+ f6 33. Bxb7 Qe7 34. Bf3 Bc8 35. Qd5 a4 36. b7 Qc7+ 37. g3 a3 38. bxc8=Q Qxc8 39. Qa5 Qc1 40. Kg2 Qb2 41. Bd5 Qe5 42. Qa8 Qd6 43. Qg8+ Kh6 44. Qf7 Qc5 45. Qd7 Qf8 46. h4 f5 47. Kh2 Qb8 48. Qe7 a2 49. Qg5+ Kg7 50. Qe7+ Kh6 51. Qa3 1-0

[Event "Australian-ch 2018"]
[Site "Sydney"]
[Date "2018.01.05"]
[Round "5"]
[White "Ferozkohi, Ihsan"]
[Black "Wright, Neil S"]
[Result "1/2-1/2"]
[WhiteElo "2130"]
[BlackElo "2126"]
[Annotator "ChessBase"]
[PlyCount "126"]
[EventDate "2018.01.02"]
[EventType "tourn"]
[EventCountry "AUS"]
[SourceTitle "playchess.com"]
[Source "ChessBase"]
[SourceQuality "1"]
[TimeControl "40/5400+30:1800+30"]

1. Nf3 c5 2. c4 Nf6 3. g3 b6 4. Bg2 Bb7 5. Nc3 g6 6. O-O Bg7 7. e3 O-O 8. d4 cxd4 9. exd4 Ne4 10. Ne2 d5 11. cxd5 Nf6 12. Nf4 Nxd5 13. Ne5 Qd6 14. Re1 Na6 15. Qb3 Nac7 16. Bd2 Rad8 17. Rac1 Ba8 18. Qa4 Nxf4 19. Bxf4 Bxg2 20. Kxg2 Ne6 21. Be3 Nxd4 22. Bxd4 Qxd4 23. Qxd4 Rxd4 24. Nc6 Rd2 25. Rxe7 a5 26. b4 axb4 27. Nxb4 Bd4 28. Rc2 Rxc2 29. Nxc2 Bc5 30. Re2 Ra8 31. Ne1 Ra3 32. Nf3 f6 33. h4 Kf7 34. Ng1 Be7 35. Nh3 Bd6 36. Rb2 Ra6 37. Ng1 Ke6 38. Rd2 Be5 39. Ne2 Ra4 40. f4 Ba1 41. Kf3 b5 42. Nc1 Ra3+ 43. Nb3 Bc3 44. Rc2 b4 45. g4 f5 46. Re2+ Kd5 47. h5 gxh5 48. gxf5 Kc4 49. Rh2 Rxa2 50. Rxa2 Kxb3 51. Rh2 Kc4 52. Rxh5 b3 53. Rxh7 b2 54. Rh1 Kd3 55. Kg4 Kc2 56. Kg5 b1=Q 57. Rxb1 Kxb1 58. f6 Kc2 59. Kg6 Kd3 60. f7 Bb4 61. f5 Ke4 62. f6 Ke5 63. Kg7 Ke6 1/2-1/2

[Event "Australian-ch 2018"]
[Site "Sydney"]
[Date "2018.01.05"]
[Round "5"]
[White "Huynh, Arthur"]
[Black "McNamara, Gary"]
[Result "1-0"]
[WhiteElo "2042"]
[BlackElo "2134"]
[Annotator "ChessBase"]
[PlyCount "53"]
[EventDate "2018.01.02"]
[EventType "tourn"]
[EventCountry "AUS"]
[SourceTitle "playchess.com"]
[Source "ChessBase"]
[SourceQuality "1"]
[TimeControl "40/5400+30:1800+30"]

1. d4 c5 2. d5 g6 3. c4 Bg7 4. Nf3 d6 5. e4 e5 6. Nc3 Ne7 7. Be2 O-O 8. O-O h6 9. Ne1 f5 10. Nd3 Nd7 11. Bd2 Nf6 12. f3 f4 13. Rb1 a5 14. a3 h5 15. b4 axb4 16. axb4 b6 17. bxc5 bxc5 18. Qb3 Nd7 19. Nb5 Rf6 20. Ra1 Ra6 21. Rxa6 Bxa6 22. Ra1 Qb6 23. Nb2 Nc8 24. Qa4 Bxb5 25. Qxb5 Qxb5 26. cxb5 Ncb6 27. Ra6 1-0

[Event "Australian-ch 2018"]
[Site "Sydney"]
[Date "2018.01.05"]
[Round "5"]
[White "Yang, Ray"]
[Black "Willathgamuwa, Rowan"]
[Result "1-0"]
[WhiteElo "2003"]
[BlackElo "1980"]
[Annotator "NA"]
[PlyCount "75"]
[EventDate "2018.01.02"]
[EventType "tourn"]
[EventCountry "AUS"]
[SourceTitle "playchess.com"]
[Source "ChessBase"]
[SourceQuality "1"]
[TimeControl "40/5400+30:1800+30"]

1. d4 d5 2. c4 c6 3. Nf3 Nf6 4. e3 g6 5. Nc3 Bg7 6. Be2 O-O 7. O-O e6 8. b4 b6 9. a4 a5 10. Ba3 axb4 11. Bxb4 c5 12. dxc5 Ne4 13. Nxe4 Bxa1 14. Qxa1 dxe4 15. cxb6 exf3 16. Bxf3 Ra6 17. Rd1 Qe8 18. Qf6 Nd7 19. Rxd7 Bxd7 20. Bc3 e5 21. Bxe5 Qxe5 22. Qxe5 Rxb6 23. h3 Bxa4 24. Qa5 Rb1+ 25. Kh2 Bd7 26. c5 Rc8 27. Qd2 Rxc5 28. Qxd7 Rc2 29. Kg3 h5 30. Qe7 Rd2 31. e4 Rc1 32. Bxh5 Rcc2 33. Bf3 Rxf2 34. Kf4 Kg7 35. Kg5 Rb2 36. Qf6+ Kf8 37. Kh6 Rfd2 38. e5 1-0

[Event "Australian-ch 2018"]
[Site "Sydney"]
[Date "2018.01.05"]
[Round "5"]
[White "Leaver, Kyle"]
[Black "Zhang, Jilin"]
[Result "1/2-1/2"]
[WhiteElo "1973"]
[BlackElo "2267"]
[Annotator "ChessBase"]
[PlyCount "94"]
[EventDate "2018.01.02"]
[EventType "tourn"]
[EventCountry "AUS"]
[SourceTitle "playchess.com"]
[Source "ChessBase"]
[SourceQuality "1"]
[TimeControl "40/5400+30:1800+30"]

1. d4 d6 2. Nf3 Nf6 3. c4 g6 4. Nc3 Bg7 5. e4 O-O 6. Be2 c5 7. d5 e6 8. O-O exd5 9. exd5 Bg4 10. Qb3 Qc7 11. Re1 a6 12. a4 Nbd7 13. a5 Rab8 14. Bd2 b6 15. axb6 Rxb6 16. Qa3 Qb7 17. Nd1 Ne4 18. Bf4 f5 19. Nd2 Nxd2 20. Bxd2 Bxe2 21. Rxe2 Ne5 22. Qa4 f4 23. f3 Nd3 24. Bc3 Bxc3 25. bxc3 Ne5 26. Nf2 Qg7 27. Ne4 g5 28. h3 h5 29. Nf2 Kh8 30. Rae1 Qg6 31. Rxe5 dxe5 32. Ne4 g4 33. hxg4 hxg4 34. Qd7 gxf3 35. Qh3+ Kg7 36. Qxf3 Rh8 37. d6 Rxd6 38. Nxd6 Qxd6 39. Rd1 Qe6 40. Qb7+ Kg6 41. Qc7 Rc8 42. Qb7 Rf8 43. Qc7 Rf7 44. Qxc5 Rf6 45. Rd5 f3 46. Rxe5 Qg4 47. Qf2 fxg2 1/2-1/2

[Event "Australian-ch 2018"]
[Site "Sydney"]
[Date "2018.01.04"]
[Round "5"]
[White "Parle, Hughston"]
[Black "Clarke, Brandon G I"]
[Result "0-1"]
[WhiteElo "1961"]
[BlackElo "2360"]
[Annotator "ChessBase"]
[PlyCount "58"]
[EventDate "2018.01.02"]
[EventType "tourn"]
[EventCountry "AUS"]
[SourceTitle "playchess.com"]
[Source "ChessBase"]
[SourceQuality "1"]
[TimeControl "40/5400+30:1800+30"]

1. e4 {[%emt 0:00:33]} c5 {[%emt 0:00:32]} 2. Nf3 {[%emt 0:00:15]} d6 {[%emt 0:00:11]} 3. d3 {[%emt 0:00:16]} g6 {[%emt 0:01:32]} 4. Nbd2 {[%emt 0:02:03]} Bg7 {[%emt 0:00:02]} 5. g3 {[%emt 0:00:39]} Nc6 {[%emt 0:00:00]} 6. Bg2 {[%emt 0:00:37]} e5 {[%emt 0:02:02]} 7. O-O {[%emt 0:02:40]} Nge7 {[%emt 0:00:02]} 8. a4 {[%emt 0:03:10]} O-O {[%emt 0:01:17]} 9. c3 {[%emt 0:07:14]} h6 {[%emt 0:05:52]} 10. Ne1 {[%emt 0:04:49]} f5 {[%emt 0:02:17]} 11. f4 {[%emt 0:05:48]} exf4 {[%emt 0:01:16]} 12. gxf4 {[%emt 0:01:38]} Kh7 {[%emt 0:00:24]} 13. Nc2 {[%emt 0:03:55]} fxe4 {[%emt 0:02:32]} 14. dxe4 {[%emt 0:02:17]} Be6 {[%emt 0:07:22]} 15. Ne3 {[%emt 0:09:39]} Qd7 {[%emt 0:02:20]} 16. Ndc4 {[%emt 0:13:07]} Rad8 {[%emt 0:00:55]} 17. Nd5 {[%emt 0:01:12]} Bg4 {[%emt 0:00:51]} 18. Qe1 {[%emt 0:04:56]} Nxd5 {[%emt 0:02:31]} 19. exd5 {[%emt 0:01:11]} Ne7 {[%emt 0:01:08]} 20. Be3 {[%emt 0:08:29]} Nf5 {[%emt 0:01:29]} 21. Qd2 {[%emt 0:01:48]} Nh4 {[%emt 0:02:17]} 22. f5 {[%emt 0:10:23]} Bxf5 {[%emt 0:01:55]} 23. Rf4 {[%emt 0:01:51]} g5 {[%emt 0:01:18]} 24. Rxf5 {[%emt 0:01:12]} Qxf5 {[%emt 0:00:27]} 25. Nxd6 {[%emt 0:02:00]} Rxd6 {[%emt 0:00:01]} 26. Bxc5 {[%emt 0:00:07]} Rdf6 {[%emt 0:00:37]} 27. Bxf8 {[%emt 0:00:44]} Bxf8 {[%emt 0:00:01]} 28. b4 {[%emt 0:00:48]} Bd6 {[%emt 0:00:43]} 29. Rf1 {[%emt 0:01:29]} Qxf1+ {[%emt 0:00:07]} 0-1

[Event "Australian-ch 2018"]
[Site "Sydney"]
[Date "2018.01.05"]
[Round "5"]
[White "Asaka, Samuel"]
[Black "Reilly, Tim"]
[Result "1/2-1/2"]
[WhiteElo "1959"]
[BlackElo "2169"]
[Annotator "ChessBase"]
[PlyCount "107"]
[EventDate "2018.01.02"]
[EventType "tourn"]
[EventCountry "AUS"]
[SourceTitle "playchess.com"]
[Source "ChessBase"]
[SourceQuality "1"]
[TimeControl "40/5400+30:1800+30"]

1. d4 d6 2. Nf3 g6 3. g3 Bg7 4. Bg2 Nf6 5. c4 O-O 6. O-O Nc6 7. Nc3 a6 8. Bf4 Bd7 9. Rc1 Nh5 10. Bg5 h6 11. Be3 f5 12. d5 Ne5 13. c5 f4 14. Bd4 Qe8 15. Bxe5 dxe5 16. d6 cxd6 17. cxd6 exd6 18. Qxd6 Bc6 19. Nd5 Rd8 20. Ne7+ Kf7 21. Nxe5+ Bxe5 22. Qxe5 Qxe7 23. Qxe7+ Kxe7 24. Bxc6 bxc6 25. Rxc6 Rf6 26. Rc7+ Rd7 27. Rfc1 Rfd6 28. Rc8 Rd2 29. Rh8 Kf6 30. Rf8+ Kg7 31. Ra8 Rxe2 32. Rxa6 f3 33. Ra3 Rxb2 34. Rxf3 Rxa2 35. Rf1 g5 36. h3 Nf6 37. Re3 Rdd2 38. Ree1 Re2 39. Kg2 Kg6 40. Kf3 Rxe1 41. Rxe1 Ra3+ 42. Kg2 h5 43. Re2 g4 44. hxg4 hxg4 45. Rb2 Nd7 46. Rb5 Kf6 47. Rb2 Ne5 48. Rb1 Ra2 49. Rb6+ Kf5 50. Rb5 Ra1 51. Kh2 Ke6 52. Kg2 Nf3 53. Rb6+ Kd7 54. Rd6+ 1/2-1/2

[Event "Australian-ch 2018"]
[Site "Sydney"]
[Date "2018.01.06"]
[Round "6"]
[White "Cheng, Bobby"]
[Black "Ly, Moulthun"]
[Result "1/2-1/2"]
[WhiteElo "2504"]
[BlackElo "2480"]
[Annotator "TA"]
[PlyCount "26"]
[EventDate "2018.01.02"]
[EventType "tourn"]
[EventCountry "AUS"]
[SourceTitle "playchess.com"]
[Source "ChessBase"]
[SourceQuality "1"]

{[%evp 9,17,0,4,-4,0,0,0,0,-4,-6]} 1. d4 Nf6 2. c4 e6 3. g3 d5 4. Bg2 Bb4+ 5. Bd2 Be7 {The position is equal.} 6. cxd5 {E00: Catalan Bogo-Indian (3 g3 Bb4+)} (6. Nf3 O-O 7. O-O Nbd7 8. Na3 c6 9. Rc1 Ne4 10. Be3 f5 11. Rc2 a5 12. Qc1 Bf6 13. Rd1 g5 14. Nb1 Rf7 15. Nc3 Rg7 {½-½ (33) Aronian,L (2805)-Karjakin,S (2760) London 2017}) 6... exd5 7. Nc3 O-O 8. e3 c6 9. Nge2 {Predecessor:} Re8 $146 10. O-O Nbd7 11. Qc2 Nb6 12. Rad1 g6 13. f3 c5 {1-0 (53) Kohlweyer,B (2416)-Baryshpolets,A (2558) Cappelle-la-Grande 2014} 1/2-1/2

[Event "Australian-ch 2018"]
[Site "Sydney"]
[Date "2018.01.06"]
[Round "6"]
[White "Illingworth, Max"]
[Black "Smirnov, Anton"]
[Result "1/2-1/2"]
[WhiteElo "2494"]
[BlackElo "2527"]
[Annotator "TA"]
[PlyCount "26"]
[EventDate "2018.01.02"]
[EventType "tourn"]
[EventCountry "AUS"]
[SourceTitle "playchess.com"]
[Source "ChessBase"]
[SourceQuality "1"]

{[%evp 18,26,0,0,4,0,1,0,16,0,0]} 1. Nf3 d5 2. d4 Nf6 3. c4 c6 4. Nc3 e6 5. Bg5 Nbd7 6. e3 Qa5 7. cxd5 exd5 8. Bd3 Ne4 9. O-O Nxg5 10. Nxg5 {[#] Qh5 is the strong threat.The position is equal.} Qd8 {D52: Queen's Gambit Declined: Cambridge Springs Variation} (10... Nf6 11. f4 Bb4 12. Qc2 h6 13. Nf3 O-O 14. Ne5 Re8 15. a3 Bxc3 16. bxc3 c5 17. Qb2 Ne4 18. Bxe4 dxe4 {0-1 (34) Salem,A (2638)-Naiditsch,A (2705) Riadh 2017}) 11. Nf3 Be7 12. Qc2 Nf6 13. h3 $146 ({Predecessor:} 13. Rae1 O-O 14. e4 dxe4 15. Nxe4 h6 16. Nc5 Qc7 17. Ne5 Bxc5 18. dxc5 {½-½ (34) Schneider,P (2347)-Sidenko,A (2269) IECG email 2004}) 13... g6 1/2-1/2

[Event "Australian-ch 2018"]
[Site "Sydney"]
[Date "2018.01.06"]
[Round "6"]
[White "Lane, Gary W"]
[Black "Huynh, Arthur"]
[Result "1-0"]
[WhiteElo "2401"]
[BlackElo "2042"]
[Annotator "ChessBase"]
[PlyCount "89"]
[EventDate "2018.01.02"]
[EventType "tourn"]
[EventCountry "AUS"]
[SourceTitle "playchess.com"]
[Source "ChessBase"]
[SourceQuality "1"]
[TimeControl "40/5400+30:1800+30"]

1. e4 {[%emt 0:00:00]} e5 {[%emt 0:00:10]} 2. Nf3 {[%emt 0:00:00]} Nc6 {[%emt 0:00:11]} 3. Bb5 {[%emt 0:00:00]} Nf6 {[%emt 0:00:07]} 4. d3 {[%emt 0:00:00]} Bc5 {[%emt 0:00:09]} 5. Bxc6 {[%emt 0:00:04]} dxc6 {[%emt 0:00:10]} 6. Qe2 {[%emt 0:00:15]} Nd7 {[%emt 0:02:12]} 7. Be3 {[%emt 0:01:04]} Bd6 {[%emt 0:01:09]} 8. Nbd2 {[%emt 0:02:30]} O-O {[%emt 0:00:35]} 9. O-O-O {[%emt 0:03:04]} c5 {[%emt 0:03:21]} 10. g4 {[%emt 0:02:29]} Nb8 {[%emt 0:07:24]} 11. Rhg1 {[%emt 0:17:54]} Nc6 {[%emt 0:00:24]} 12. c3 b5 13. Nf1 {[%emt 0:05:26]} b4 {[%emt 0:02:14]} 14. c4 {[%emt 0:01:21]} Nd4 {[%emt 0:04:41]} 15. Nxd4 {[%emt 0:00:30]} cxd4 {[%emt 0:00:33]} 16. Bd2 {[%emt 0:00:08]} c6 {[%emt 0:01:23]} 17. Kb1 {[%emt 0:00:56]} Rb8 {[%emt 0:01:21]} 18. Ng3 {[%emt 0:04:15]} b3 {[%emt 0:00:39]} 19. a3 {[%emt 0:06:27]} Qe7 {[%emt 0:01:07]} 20. Nf5 {[%emt 0:14:51]} Bxf5 {[%emt 0:00:37]} 21. gxf5 {[%emt 0:00:07]} f6 {[%emt 0:01:43]} 22. Rg3 {[%emt 0:13:47]} Rf7 {[%emt 0:05:25]} 23. Rdg1 {[%emt 0:01:13]} Bxa3 {[%emt 0:06:32]} 24. Bh6 {[%emt 0:02:59]} Bd6 {[%emt 0:07:47]} 25. Rxg7+ {[%emt 0:00:31]} Rxg7 {[%emt 0:00:17]} 26. Rxg7+ {[%emt 0:00:06]} Qxg7 {[%emt 0:00:04]} 27. Bxg7 {[%emt 0:00:08]} Kxg7 {[%emt 0:00:01]} 28. Qe1 {[%emt 0:03:27]} Bb4 {[%emt 0:03:07]} 29. Qd1 {[%emt 0:00:07]} Ba5 {[%emt 0:01:03]} 30. f4 {[%emt 0:06:53]} Bc7 {[%emt 0:02:24]} 31. fxe5 {[%emt 0:04:56]} Bxe5 {[%emt 0:00:09]} 32. Qd2 {[%emt 0:00:12]} Kh8 {[%emt 0:00:53]} 33. Kc1 {[%emt 0:00:20]} Rg8 {[%emt 0:03:41]} 34. Qb4 {[%emt 0:00:23]} Rb8 {[%emt 0:03:08]} 35. Qa4 {[%emt 0:00:40]} h5 {[%emt 0:00:56]} 36. h3 {[%emt 0:03:23]} a5 {[%emt 0:00:43]} 37. Kd1 {[%emt 0:01:39]} h4 {[%emt 0:01:39]} 38. Ke2 {[%emt 0:00:18]} c5 {[%emt 0:02:07]} 39. Qxa5 {[%emt 0:00:27]} Rg8 {[%emt 0:00:29]} 40. Qxc5 {[%emt 0:02:39]} Rg2+ {[%emt 0:30:46]} 41. Kf3 {[%emt 0:09:06]} Rg3+ {[%emt 0:00:00]} 42. Kf2 {[%emt 0:04:18]} Rxh3 {[%emt 0:00:00]} 43. Qf8+ {[%emt 0:00:24]} Kh7 {[%emt 0:00:00]} 44. Qf7+ {[%emt 0:00:05]} Kh8 {[%emt 0:00:00]} 45. Qh5+ 1-0

[Event "Australian-ch 2018"]
[Site "Sydney"]
[Date "2018.01.06"]
[Round "6"]
[White "Solomon, Stephen J"]
[Black "Asaka, Samuel"]
[Result "1-0"]
[WhiteElo "2365"]
[BlackElo "1959"]
[Annotator "ChessBase"]
[PlyCount "113"]
[EventDate "2018.01.02"]
[EventType "tourn"]
[EventCountry "AUS"]
[SourceTitle "playchess.com"]
[Source "ChessBase"]
[SourceQuality "1"]
[TimeControl "40/5400+30:1800+30"]

1. e4 c6 2. c4 d5 3. cxd5 cxd5 4. exd5 Nf6 5. Nc3 Nxd5 6. d4 g6 7. Nf3 Bg7 8. Bc4 Nxc3 9. bxc3 O-O 10. O-O Nc6 11. Bg5 Qc7 12. Bb3 Na5 13. Re1 Nxb3 14. Qxb3 Re8 15. Re3 e6 16. Bh4 Bd7 17. Bg3 Qb6 18. Ne5 Qxb3 19. axb3 Bxe5 20. Bxe5 a5 21. h4 h5 22. c4 a4 23. b4 b5 24. c5 Bc6 25. f3 Kh7 26. Bf6 Ra7 27. g4 Rd7 28. Kf2 Rg8 29. Rg1 Rd5 30. Ke2 Kh6 31. Kd2 Ra8 32. Ra3 Rg8 33. Kc2 Rd7 34. Kb2 Ra7 35. gxh5 Kxh5 36. Rg5+ Kh6 37. f4 Rd7 38. h5 Rd5 39. Rh3 Rxg5 40. fxg5+ Kh7 41. h6 Ra8 42. Ra3 Ra7 43. Be5 Ra6 44. Kc3 Be4 45. Kd2 Bf5 46. Ke3 Bc2 47. Kf4 Bb3 48. Bd6 Bd5 49. Ke5 Bb3 50. Kf6 Bc4 51. Be5 Rc6 52. Kxf7 Bd5 53. Ke7 Ra6 54. Kd7 Be4 55. Bc7 Rc6 56. Bb6 Bd5 57. Ra1 1-0

[Event "Australian-ch 2018"]
[Site "Sydney"]
[Date "2018.01.06"]
[Round "6"]
[White "Clarke, Brandon G I"]
[Black "Xie, George Wendi"]
[Result "1-0"]
[WhiteElo "2360"]
[BlackElo "2369"]
[Annotator "ChessBase"]
[PlyCount "73"]
[EventDate "2018.01.02"]
[EventType "tourn"]
[EventCountry "AUS"]
[SourceTitle "playchess.com"]
[Source "ChessBase"]
[SourceQuality "1"]
[TimeControl "40/5400+30:1800+30"]

1. e4 {[%emt 0:00:00]} e6 {[%emt 0:00:03]} 2. d4 {[%emt 0:00:31]} d5 {[%emt 0:00:03]} 3. Nc3 {[%emt 0:00:13]} Nf6 {[%emt 0:00:03]} 4. e5 {[%emt 0:00:10]} Nfd7 {[%emt 0:00:04]} 5. f4 {[%emt 0:00:05]} c5 {[%emt 0:00:02]} 6. Nf3 {[%emt 0:00:06]} Nc6 {[%emt 0:00:03]} 7. Be3 {[%emt 0:00:09]} a6 {[%emt 0:00:03]} 8. Qd2 {[%emt 0:00:26]} b5 {[%emt 0:00:04]} 9. dxc5 {[%emt 0:00:14]} Nxc5 {[%emt 0:01:28]} 10. Qf2 {[%emt 0:01:29]} Qe7 {[%emt 0:03:53]} 11. a3 {[%emt 0:05:14]} Bb7 {[%emt 0:00:23]} 12. Be2 {[%emt 0:03:19]} f5 {[%emt 0:04:35]} 13. exf6 {[%emt 0:03:39]} gxf6 {[%emt 0:00:01]} 14. f5 {[%emt 0:01:21]} O-O-O {[%emt 0:05:30]} 15. O-O-O {[%emt 0:07:03]} Ne4 {[%emt 0:03:24]} 16. Nxe4 {[%emt 0:00:15]} dxe4 {[%emt 0:00:01]} 17. Nd2 {[%emt 0:03:46]} Ne5 {[%emt 0:17:08]} 18. Nb3 {[%emt 0:03:31]} Rd5 {[%emt 0:00:00]} 19. Nd4 {[%emt 0:06:33]} exf5 {[%emt 0:00:02]} 20. Nxf5 {[%emt 0:08:24]} Qd7 {[%emt 0:00:01]} 21. Rxd5 {[%emt 0:00:25]} Qxd5 {[%emt 0:00:02]} 22. Kb1 {[%emt 0:00:54]} Rg8 {[%emt 0:06:54]} 23. Rd1 {[%emt 0:00:56]} Qe6 {[%emt 0:00:03]} 24. Nd4 {[%emt 0:21:20]} Qe7 {[%emt 0:00:01]} 25. h3 {[%emt 0:09:52]} Kb8 {[%emt 0:01:31]} 26. Nf5 {[%emt 0:00:41]} Qe8 {[%emt 0:02:41]} 27. Bb6 {[%emt 0:05:22]} Be7 {[%emt 0:00:05]} 28. g4 {[%emt 0:01:34]} Qf7 {[%emt 0:00:38]} 29. Nxe7 {[%emt 0:00:43]} Qxe7 {[%emt 0:00:04]} 30. Bc5 {[%emt 0:00:08]} Qg7 31. Bd6+ {[%emt 0:02:46]} Ka8 {[%emt 0:01:02]} 32. Qb6 {[%emt 0:01:38]} Nd7 {[%emt 0:00:02]} 33. Qa5 {[%emt 0:00:34]} Rc8 {[%emt 0:02:11]} 34. Bxb5 {[%emt 0:00:25]} Qg5 35. Bf4 {[%emt 0:04:44]} Qxf4 {[%emt 0:10:20]} 36. Rxd7 Rc5 {[%emt 0:08:53]} 37. Qb6 {[%emt 0:01:23]} 1-0

[Event "Australian-ch 2018"]
[Site "Sydney"]
[Date "2018.01.06"]
[Round "6"]
[White "Dale, Ari"]
[Black "Kargosha, Bahman"]
[Result "1-0"]
[WhiteElo "2356"]
[BlackElo "2210"]
[Annotator "ChessBase"]
[PlyCount "69"]
[EventDate "2018.01.02"]
[EventType "tourn"]
[EventCountry "AUS"]
[SourceTitle "playchess.com"]
[Source "ChessBase"]
[SourceQuality "1"]
[TimeControl "40/5400+30:1800+30"]

1. d4 {[%emt 0:00:00]} Nf6 {[%emt 0:00:08]} 2. c4 {[%emt 0:00:00]} e6 {[%emt 0:00:07]} 3. Nc3 {[%emt 0:00:00]} Bb4 {[%emt 0:00:11]} 4. e3 {[%emt 0:00:00]} b6 {[%emt 0:00:10]} 5. Bd3 {[%emt 0:00:09]} Bb7 {[%emt 0:00:44]} 6. Nf3 {[%emt 0:00:05]} Ne4 {[%emt 0:01:10]} 7. O-O {[%emt 0:00:25]} Bxc3 {[%emt 0:03:47]} 8. bxc3 {[%emt 0:00:09]} O-O {[%emt 0:02:12]} 9. Ne1 {[%emt 0:01:13]} f5 {[%emt 0:01:52]} 10. f3 {[%emt 0:01:36]} Nf6 {[%emt 0:01:04]} 11. Qe2 {[%emt 0:02:31]} Nc6 {[%emt 0:03:51]} 12. e4 {[%emt 0:02:15]} fxe4 {[%emt 0:00:45]} 13. fxe4 {[%emt 0:00:06]} e5 {[%emt 0:00:46]} 14. Nc2 {[%emt 0:08:11]} d6 {[%emt 0:06:15]} 15. c5 {[%emt 0:08:12]} dxc5 {[%emt 0:08:08]} 16. dxc5 {[%emt 0:00:55]} Nd7 {[%emt 0:09:28]} 17. Ba3 {[%emt 0:19:18]} Nxc5 {[%emt 0:18:22]} 18. Bxc5 {[%emt 0:09:42]} bxc5 {[%emt 0:04:06]} 19. Bc4+ {[%emt 0:02:16]} Kh8 {[%emt 0:00:22]} 20. Bd5 {[%emt 0:01:23]} Na5 {[%emt 0:06:33]} 21. Ne3 {[%emt 0:11:40]} c6 {[%emt 0:02:34]} 22. Bf7 {[%emt 0:01:32]} g6 {[%emt 0:02:41]} 23. Rf3 {[%emt 0:03:20]} Qh4 {[%emt 0:07:52]} 24. Raf1 {[%emt 0:00:57]} Rad8 {[%emt 0:00:44]} 25. Bxg6 {[%emt 0:01:03]} Rxf3 {[%emt 0:00:20]} 26. Rxf3 {[%emt 0:00:05]} Bc8 {[%emt 0:01:08]} 27. Bf5 {[%emt 0:07:14]} Bxf5 {[%emt 0:01:15]} 28. Nxf5 {[%emt 0:00:07]} Qg5 {[%emt 0:01:00]} 29. h4 {[%emt 0:02:19]} Qd2 {[%emt 0:04:29]} 30. Qa6 {[%emt 0:00:04]} Rg8 {[%emt 0:02:11]} 31. Qf1 {[%emt 0:00:05]} Nc4 {[%emt 0:00:40]} 32. Ne7 {[%emt 0:01:19]} Ne3 {[%emt 0:01:15]} 33. Rf8 {[%emt 0:00:22]} Qxg2+ {[%emt 0:03:10]} 34. Qxg2 {[%emt 0:00:04]} Rxf8 {[%emt 0:00:03]} 35. Qe2 {[%emt 0:00:27]} 1-0